|
|
|
|
| LEADER |
01919cas a2200325 a 4500 |
| 001 |
AALejournalIMF018229 |
| 008 |
230101c9999 xx r poo 0 0eng d |
| 020 |
|
|
|c 5.00 USD
|
| 020 |
|
|
|z 9781484339695
|
| 022 |
|
|
|a 1018-5941
|
| 040 |
|
|
|a BD-DhAAL
|c BD-DhAAL
|
| 100 |
1 |
|
|a Carton, Benjamin.
|
| 245 |
1 |
2 |
|a A New Smartphone for Every Fifth Person on Earth :
|b Quantifying the New Tech Cycle /
|c Benjamin Carton, Joannes Mongardini, Yiqun Li.
|
| 264 |
|
1 |
|a Washington, D.C. :
|b International Monetary Fund,
|c 2018.
|
| 300 |
|
|
|a 1 online resource (22 pages)
|
| 490 |
1 |
|
|a IMF Working Papers
|
| 500 |
|
|
|a <strong>Off-Campus Access:</strong> No User ID or Password Required
|
| 500 |
|
|
|a <strong>On-Campus Access:</strong> No User ID or Password Required
|
| 506 |
|
|
|a Electronic access restricted to authorized BRAC University faculty, staff and students
|
| 520 |
3 |
|
|a The enormous global demand for smartphones in recent years has created a new global tech cycle. In 2016 alone, global smartphone sales reached close to 1.5 billion, one for every fifth person on earth. In turn, this has engendered complex and evolving supply chains across Asia. We show that the new tech cycle cannot be captured by standard seasonality, but depends on smartphone product release dates. Decomposing cycle from trend, we also show that the sale of smartphones may have peaked in late 2015. Asia, however, continues to gain in importance as the global tech manufacturer.
|
| 538 |
|
|
|a Mode of access: Internet
|
| 650 |
|
7 |
|a Electronics Export Order
|2 imf
|
| 650 |
|
7 |
|a Export
|2 imf
|
| 650 |
|
7 |
|a Smartphone
|2 imf
|
| 650 |
|
7 |
|a WP
|2 imf
|
| 651 |
|
7 |
|a Taiwan Province of China
|2 imf
|
| 700 |
1 |
|
|a Li, Yiqun.
|
| 700 |
1 |
|
|a Mongardini, Joannes.
|
| 830 |
|
0 |
|a IMF Working Papers; Working Paper ;
|v No. 2018/022
|
| 856 |
4 |
0 |
|z Full text available on IMF
|u http://elibrary.imf.org/view/journals/001/2018/022/001.2018.issue-022-en.xml
|z IMF e-Library
|